Loading...
| History - World History | 0 | 6 | 0 | 1 | 60 | 16 | 69.83 | 1 | 4 |
| Social Science | 0 | 4 | 0 | 1 | 40 | 33 | 85.00 | 0 | 2 |
| Science - Chemistry | 0 | 4 | 0 | 1 | 40 | 65 | 95.00 | 0 | 2 |
| History - European History | 0 | 4 | 0 | 1 | 40 | 55 | 60.50 | 3 | 3 |
| Science - Biology | 0 | 3 | 0 | 0 | 30 | 102 | 105.33 | 0 | 0 |
| History - Other History | 0 | 3 | 1 | 1 | 25 | 73 | 101.33 | 0 | 1 |
| Geography/Current Events | 0 | 2 | 0 | 0 | 20 | 59 | 65.00 | 1 | 2 |
| Religion | 0 | 2 | 0 | 0 | 20 | 97 | 97.50 | 1 | 2 |
| Science - Physics | 0 | 2 | 0 | 1 | 20 | 94 | 100.00 | 0 | 1 |
| History - American History | 0 | 2 | 1 | 0 | 15 | 93 | 98.50 | 0 | 1 |
| Science - Other Science | 0 | 1 | 0 | 0 | 10 | 118 | 118.00 | 0 | 0 |
| Literature - British Literature | 0 | 1 | 0 | 1 | 10 | 127 | 127.00 | 0 | 0 |
| Literature - World/Other Literature | 0 | 1 | 0 | 0 | 10 | 143 | 143.00 | 0 | 0 |
| Philosophy | 0 | 1 | 0 | 0 | 10 | 128 | 128.00 | 0 | 0 |
| Fine Arts - Visual Fine Arts | 0 | 1 | 1 | 0 | 5 | 17 | 17.00 | 1 | 1 |
| Literature - European Literature | 0 | 0 | 0 | 0 | 0 | 0.00 | 0 | 0 | |
| Fine Arts - Other Fine Arts | 0 | 0 | 1 | 0 | -5 | 0.00 | 0 | 0 |